|
|
|
|
| LEADER |
00000cam a2200000 7i4500 |
| 001 |
0000088293 |
| 005 |
20230125101223.0 |
| 008 |
220328 |
| 020 |
|
|
|a 9780857088116
|
| 041 |
|
|
|a English
|
| 090 |
0 |
0 |
|a 613.2
|b KEL
|
| 100 |
1 |
|
|a Kelly, Denise
|
| 245 |
1 |
4 |
|a The art of healthy living :
|b how good nutrition and improved well-being leads to increased productivity, vitality and happiness
|c Denise Kelly
|
| 260 |
|
|
|a United Kingdom :
|b John Wiley & Sons ,
|c 2020
|
| 300 |
|
|
|a 226 p. :
|b ill. col. ;
|c 23.5 cm.
|
| 500 |
|
|
|a Includes index
|
| 541 |
|
|
|c Purchased on 2021
|f KPM/JI/132
|h RM94.60
|
| 650 |
|
0 |
|a Nutrition
|
| 650 |
|
0 |
|a Self-care, health
|
| 999 |
|
|
|a 0001677024
|b Book
|c Adult Collection
|e Perbadanan Perpustakaan Awam Johor
|